000 00936nas a2200325 4500
001 BR2013001169
003 BR-BrBNA
005 20231205121912.0
007 ta
008 230509b bl.|||p| |||| 00| 00por d
040 _aBR-BrBNA
_bpor
_cBiblioteca Nacional de Agricultura
041 _a(Pt)
072 _aL74
100 1 _aGava, A.
100 1 _aStolf, L
100 1 _aNeves, D.S.
100 1 _aStolf, O.
100 1 _aVaraschim, M.S.
100 1 _aFerreira, E.M.M.
245 1 _aIntoxicação experimental por Prunus sellowii (Rosaceae)em bovinos
650 _aBOVINO
650 _aINTOXICAÇÃO
650 _aEXPERIÊNCIA DE LABORATÓRIO
650 _aPLANTA TÓXICA
650 _aSINTOMA
650 _aTRATAMENTO
773 0 _tPesquisa Veterinária Brasileira (Brazil)
_xISSN 0100-736X
_g(Jan-Jun 1992), v. 12(1/2) p. 1-4
_wBR2013001169
909 _a202311
_bLúcia
_c55
_dLúcia Elande
942 _2AGRIS
_n0
_cANA
999 _c225844
_d225844